Statistics for Game of Thrones Last Words (1)

Click here to take the quiz!

General Stats

  • This quiz has been taken 71 times
  • The average score is 11 of 15

Answer Stats

Last WordsCharacter% Correct
You know nothing, Jon Snow.Ygritte
93%
Let him go, or I will cut your wife's throat!Catelyn
92%
Tell Cersei. I want her to know it was me.Olenna
90%
Sansa...Petyr
90%
You're no son of mine.Tywin
89%
My lion...Shae
87%
Mother...Robb
80%
I think a part of me always knew. And I'm glad, I'm glad that you're my father.Myrcella
79%
I dreamed that I was old...Maester Aemon
74%
If the accused is not here, she will be tried regardless. We cannot escape the justice of the Gods.High Sparrow
69%
Go on, do your duty.Stannis
62%
I fought, I lost, now I rest. But you, Lord Snow, you'll be fighting their battles forever.Alliser
61%
This was my home for many years. I wish you good fortune in the wars to come.Mance
52%
Mercy! I will go I will! Please, I'm afraid, I've always been afraid.Janos
51%
Get out of my way! Let us through!Margaery
43%

Score Distribution

Percentile by Number Answered

Percent of People with Each Score

Your Score History

You have not taken this quiz